Представление документа в формате MARC21

Поле Инд. ПП Название Значение
Тип записи a
Библиографический уровень b
001 Контрольный номер DU/588686493
005 Дата корректировки 20200522191926.4
008 Кодируемые данные 20180827
040 b Код языка каталог. rus
e Правила каталог. PSBO
041 0_ a Код языка текста rus
084 a Индекс другой классификации/Индекс ББК 60.52
100 1_ a Автор Вукичевич С.
q Полное имя Вукичевич Слободан
245 10 a Заглавие Глобализация. Природа человека и природа человеческого общества
b Продолж. заглавия (инспирирующее отражение социологического анализа В.И. Добренькова)
504 a Библиография Библиогр.: с. 51 - 52
520 0_ a Аннотация Статья посвящена проблеме глобализации, ее трактовке В.И. Добреньковым и С. Вукчиевичем. Глобализация, согласно взглядам автора, должна проходить в соответствии с природой человека и общества, а не только в соответствии с законами неолиберальной экономики
650 14 a Основная рубрика социология
653 1_ a Ключевые слова глобализация
a Ключевые слова имущество
a Ключевые слова либеральная глобализация
a Ключевые слова либеральная экономика
a Ключевые слова общественный кризис
a Ключевые слова отношения собственности
a Ключевые слова природа общества
a Ключевые слова природа человека
a Ключевые слова собственность
a Ключевые слова социальная экономика (социоэкономика)
a Ключевые слова экономический кризис
a Ключевые слова экономический подход
773 08 t Заглавие источника Вестник Московского университета. Серия 18, Социология и политология
d Дата издания источника 2012
g Прочая информация № 1. - С. 33 - 52
w Контрольный № источника RU/IS/BASE/392489925
901 t Тип документа b